LIBRARY & INFORMATION CENTRE, KCAET, TAVANUR

ONLINE PUBLIC ACCESS CATALOGUE (OPAC)

Economics of trees versus annual crops on marginal agricultural lands / (Record no. 7332)

MARC details
000 -LEADER
fixed length control field 00532cam a2200193ua 4500
041 ## - LANGUAGE CODE
Language code of text/sound track or separate title eng
082 ## - DEWEY DECIMAL CLASSIFICATION NUMBER
Classification number 630.33
Item number GUP/EC
100 ## - MAIN ENTRY--AUTHOR NAME
Personal name Gupta, Tirath .
245 ## - TITLE STATEMENT
Title Economics of trees versus annual crops on marginal agricultural lands /
250 ## - EDITION STATEMENT
Edition statement 1 /
260 ## - PUBLICATION, DISTRIBUTION, ETC. (IMPRINT)
Place of publication New Delhi :
Name of publisher Oxford & IBH Publishing company ,
Year of publication 1982.
300 ## - PHYSICAL DESCRIPTION
Number of Pages 139 ; .
700 1# - ADDED ENTRY--PERSONAL NAME
Personal name Deepinder, Mohan .
942 ## - ADDED ENTRY ELEMENTS (KOHA)
Koha item type Books
Holdings
Withdrawn status Lost status Damaged status Home library Current library Date acquired Full call number Accession Number Koha item type
      KAUAET KAUAET 07/04/2012 630.33 14685 Books
free website counter